Frontières du Tchad . - Statistiques

Statistiques générales
  • Ce quiz a été pris 315 fois
  • Le résultat moyen est 6 sur 6
Statistiques - réponses
Longueur Pays frontalier % Correct
1360 km Soudan
98%
1055 km Libye
95%
1175 km Niger
95%
1197 km Republique centrafricaine
92%
87 km Nigeria
89%
1094 km Cameroun
83%
Aucun quiz correspondant
Distribution des résultats
% des personnes avec chaque résultat
Percentile par nombre de réponses
Votre historique - résultats
Vous n’avez pas pris ce quiz